Mixed Word: Six Categories Quiz Stats

 Plays Quiz Updated Jul 14, 2016

Challenge
Share
Tweet
Embed
Score 0/30 Timer 03:00
1 Play Today
Mixed Word Answer % Correct
Countries That Start With 'C'Chile
98.4%
Countries That Start With 'C'Canada
97.3%
Countries That Start With 'C'Czechia
88.9%
Human OrgansHeart
87.7%
Human OrgansBrain
87.2%
Countries That Start With 'C'Cameroon
85.8%
Plagues of ExodusFrogs
83.3%
Human OrgansSkin
81.4%
MetalsCopper
79.7%
Human OrgansKidney
77%
MetalsNickel
73.9%
MetalsTitanium
71.4%
Plagues of ExodusBoils
69.7%
ConstellationsOrion
68.4%
ConstellationsUrsa Major
66.9%
Mixed Word Answer % Correct
Human OrgansStomach
65.4%
Countries That Start With 'C'Colombia
60.2%
ComposersBeethoven
59.5%
Plagues of ExodusLocusts
58.3%
ComposersWeber
57.2%
MetalsTungsten
56.8%
Plagues of ExodusDisease
42.6%
MetalsChromium
38.6%
ConstellationsDraco
38.2%
ConstellationsCanis Minor
37.9%
ConstellationsLyra
28.6%
Plagues of ExodusDarkness
22.3%
ComposersSchubert
16.9%
ComposersWilhelm
14.1%
ComposersRossini
6.6%

You're not logged in!

Compare scores with friends on all Sporcle quizzes.
OR
Log In

You Might Also Like...

Show Comments

Extras

Top Quizzes Today


Score Distribution

Your Account Isn't Verified!

In order to create a playlist on Sporcle, you need to verify the email address you used during registration. Go to your Sporcle Settings to finish the process.

Report this User

Report this user for behavior that violates our Community Guidelines.

Details: